000 00332 a2200157 4500
001 76089
020 _a9788535927658
040 _cAnchieta - Colégio São Paulo
100 _aSHEPARD, Jim
240 1 0 _aO livro de Aron
_lpor
245 1 0 _aO livro de Aron
300 _a204
362 0 _a2016
650 4 _aRomance
942 _cBK
999 _c76089
_d76089